LEADER 01996nam0-2200601li-450 001 990000147000203316 005 20180918155418.0 010 $a88-220-0801-6 035 $a0014700 035 $aUSA010014700 035 $a(ALEPH)000014700USA01 035 $a0014700 100 $a20019940219671983983y0itay0103----ba 101 0 $aita 102 $aIT 200 1 $aDisegno e progettazione$fMarcello Petrignani...[et al.]$gRenata Bizzotto, Giuseppe Caporicci, Carlo Mezzetti 210 $aBari$cEdizioni Dedalo$d1967 (stampa 1983) 215 $a372 p.$cill.$d22x25 cm 225 2 $a<> Politecnico$v1 410 0$12001$a<> Politecnico 606 0 $aDisegno$2BNCF 606 0 $aProgettazione$2BNCF 676 $a720.284 702 1$aPETRIGNANI,$bMarcello 702 1$aBIZZOTTO,$bRenata 702 1$aCAPORICCI,$bGiuseppe 702 1$aMEZZETTI,$bCarlo 801 $aSistema bibliotecario di Ateneo dell' Università di Salerno$gRICA 912 $a990000147000203316 951 $a720.284 DIS (A)$b0003900 951 $a720.284 DIS (A)$b15897 Ing.$c720$d00070774 951 $a720.284 PET$b576 Crd.$c720.284$d00330610 959 $aBK 969 $aTEC 969 $aCRD 979 $c19940223 979 $c20001110$lUSA01$h1712 979 $aTAMI$b40$c20010307$lUSA01$h1057 979 $aTAMI$b40$c20010307$lUSA01$h1058 979 $c20020403$lUSA01$h1622 979 $aPATRY$b90$c20040406$lUSA01$h1611 979 $aPAOLA$b90$c20150331$lUSA01$h1604 979 $aPAOLA$b90$c20150331$lUSA01$h1605 979 $aPAOLA$b90$c20150331$lUSA01$h1606 979 $aPAOLA$b90$c20150331$lUSA01$h1608 979 $aPAOLA$b90$c20150331$lUSA01$h1608 979 $aPAOLA$b90$c20150331$lUSA01$h1609 979 $aPAOLA$b90$c20150331$lUSA01$h1611 979 $aPAOLA$b90$c20150331$lUSA01$h1611 979 $aPAOLA$b90$c20150331$lUSA01$h1613 979 $aPAOLA$b90$c20150401$lUSA01$h1533 996 $aDISEGNO e progettazione$9326781 997 $aUNISA LEADER 01364nam--2200445---450- 001 990003024110203316 005 20100920155240.0 010 $a88-430-2157-4 010 $a978-88-430-2157-4$b(4., 6., 7. ristampa, 2007) 035 $a000302411 035 $aUSA01000302411 035 $a(ALEPH)000302411USA01 035 $a000302411 100 $a20071128d2002----km-y0itay50------ba 101 0 $aita 102 $aIT 105 $aa|||||||001yy 200 1 $a<>attenzione$fFranca Stablum 210 $aRoma$cCarocci$d2002 215 $a112 p.$cill.$d20 cm 225 2 $a<> bussole$v45 410 0$12001$a<> bussole 606 0 $aAttenzione$2BNCF 676 $a153.733 700 1$aSTABLUM,$bFranca$0280977 801 0$aIT$bsalbc$gISBD 912 $a990003024110203316 951 $aII.3. 3150$b201621 L.M.$cII.3.$d00065530 951 $aII.3. 3150a$b205894 L.M.$cII.3.$d00210583 951 $aII.3. 3150b$b205895 L.M.$cII.3.$d00210589 959 $aBK 969 $aUMA 979 $aSENATORE$b90$c20071128$lUSA01$h1806 979 $aALESSANDRA$b90$c20080408$lUSA01$h1024 979 $aALESSANDRA$b90$c20080408$lUSA01$h1039 979 $aPASSARO$b90$c20100920$lUSA01$h1232 979 $aPASSARO$b90$c20100920$lUSA01$h1504 979 $aANNAMARIA$b90$c20100920$lUSA01$h1552 996 $aAttenzione$9671594 997 $aUNISA LEADER 01341nam0-2200409---450 001 990005716650203316 005 20190403125010.0 035 $a000571665 035 $aUSA01000571665 035 $a(ALEPH)000571665USA01 035 $a000571665 100 $a20070523d1986----|||y0itaa50------ba 101 $aeng 102 $agb 105 $a0 00||| 200 1 $aAspects of international socialism$e1871-1914$eessays by Georges Haupt$ftranslated by Peter Fawcett$gwith a preface by Eric Hobsbawm 210 $aCambridge$cCambridge University Press$d1986 215 $aXVII, 181 p.$d24 cm. 225 2 $aStudies in modern capitalism. Etudes sur le capitalism moderne 410 0$12001$aStudies in modern capitalism. Etudes sur le capitalism moderne 606 $aSOCIALISMO$xsec. 20.$2F 606 $aComunismo$2F 620 $dCAMBRIDGE 676 $a335 700 1$aHAUPT,$bGeorges$0119056 702 1$aFAWCETT,$bPeter 702 1$aHOBSBAWM,$bE. J.$f<1917-2012 > 801 0$aIT$bSA$c20111219 912 $a990005716650203316 950 0$aDipar.to di Filosofia - Salerno$dDFCC 335 HAU$e2084 FIL 951 $aCC 335 HAU$b2084 FIL 959 $aBK 969 $aFIL 979 $c20121027$lUSA01$h1526 979 $c20121027$lUSA01$h1615 996 $aAspects of international socialism$91083600 997 $aUNISA